Rozhodujúce faktory stanovenia primeranej miery výnosu do splatnosti dlhopisu

Doba splatnosti dlhopisu a kupónová sadzba. Pravdepodobnosť nesplatenia záväzku zo strany emitenta. Emisné podmienky dlhopisu s vloženou opciou (call&put). Daňové postavenie a predpokladaná likvidita emisie dlhopisu.

Saved in:
Bibliographic Details
Main Author: Mikloš, Miroslav, 1975-
Format: Book Chapter
Language:Slovak
Subjects:
Tags: Add Tag
No Tags, Be the first to tag this record!

MARC

LEADER 00000naa$a2200000$$$4500
001 0145447
005 20240502072622.9
041 0 |a slo 
044 |a SK 
245 1 0 |a Rozhodujúce faktory stanovenia primeranej miery výnosu do splatnosti dlhopisu  |c Miroslav Mikloš 
520 |a Doba splatnosti dlhopisu a kupónová sadzba. Pravdepodobnosť nesplatenia záväzku zo strany emitenta. Emisné podmienky dlhopisu s vloženou opciou (call&put). Daňové postavenie a predpokladaná likvidita emisie dlhopisu. 
610 2 0 |a dlhopisy 
610 2 0 |a likvidita 
610 2 0 |a emisia 
610 2 0 |a emitenti 
610 2 0 |a opcie 
610 2 0 |a sadzby úrokové 
610 2 0 |a výnosnosť 
100 1 |a Mikloš, Miroslav, 1975-